SC 9.1 - Conjugation of some irregulars - Statistics

General Stats
  • This quiz has been taken 48 times
  • The average score is 30 of 61
Answer Stats
Word Def. / # Answer % Correct
tener significa to have
100%
conducir significa to drive
78%
dar significa to give
78%
estar significa to be
67%
hacer significa to make/do
67%
decir significa to say/tell
67%
Yo di
56%
Uds. dieron
56%
Nos. dimos
56%
Ud. dio
56%
diste
56%
Yo estuve
56%
traer significa to bring
56%
venir significa to come
56%
traducir significa to translate
56%
Yo tuve
56%
Uds. tuvieron
56%
Nos. tuvimos
56%
tuviste
56%
Ud. tuvo
56%
Yo conduje
44%
condujiste
44%
Yo dije
44%
Uds. dijeron
44%
Nos. dijimos
44%
dijiste
44%
Ud. dijo
44%
Uds. estuvieron
44%
Nos. estuvimos
44%
estuviste
44%
Ud. estuvo
44%
Yo hice
44%
Uds. hicieron
44%
Nos. hicimos
44%
hiciste
44%
Ud. hizo
44%
Yo puse
44%
Uds. pusieron
44%
Nos. pusimos
44%
pusiste
44%
Ud. puso
44%
poner significa to place
44%
Yo traje
44%
Uds. trajeron
44%
Nos. trajimos
44%
trajiste
44%
Ud. trajo
44%
Yo vine
44%
Uds. vinieron
44%
Nos. vinimos
44%
viniste
44%
Ud. vino
44%
Uds. condujeron
33%
Nos. condujimos
33%
Ud. condujo
33%
haber Ud. hubo
33%
Yo traduje
33%
Uds. tradujeron
33%
Nos. tradujimos
33%
tradujiste
33%
Ud. tradujo
33%
No matching quizzes found
Score Distribution
Percent of People with Each Score
Percentile by Number Answered
Your Score History
You have not taken this quiz